| 000 | 00334nam a22001331a 4500 | ||
|---|---|---|---|
| 082 |
_aM3 _bCHA/S |
||
| 245 |
_aSwaathi Thirunal/ _cby Chandhra Shekharan Nair |
||
| 260 |
_aKottayam: _bKairali Mudralayam, _c1997. |
||
| 300 | _a278p. | ||
| 650 | _aNovel Malayalam | ||
| 650 | _aLiterature Malayalam | ||
| 650 | _aLiterature | ||
| 942 | _cBK | ||
| 999 |
_c45535 _d45535 |
||